000 00312nam a22001217a 4500
008 230703b xxu||||| |||| 00| 0 eng d
082 _a342.16
_bIPU 2002
245 _aConstitutional & Parliamentary Information
260 _bInter-Parliamentary Union
_c2002
300 _a58p
440 _n183
942 _2ddc
_cBK
999 _c3229
_d3229